000 00596nam a2200229Ia 4500
003 OSt
005 20220924132202.0
006 a|||||r|||| 00| 0
007 ta
008 220923b |||||||| |||| 00| 0 san d
024 _a34345
037 _cTextual
040 _aARTS
_cARTS
_bsan
041 _2san
_asan
082 _aO15:2E40:1, E1
100 _aKancanacarya
_9203913
245 0 _aDhananjayavijaya ed by Sivadatta and Kashinath
260 _c1911
650 _aENGLISH LITERATURE
942 _hO15:2E40:1, E1
_cTEXL
_2CC
999 _c429550
_d429550